[Event "Czech open A"]
[Site "?"]
[Date "2013.07.25"]
[Round "7.75"]
[White "Grigoriev, Evgeny"]
[Black "Nemcova, Katerina"]
[Result "0-1"]
[WhiteElo "2235"]
[BlackElo "2382"]
[PlyCount "183"]
[EventDate "2013.??.??"]
[TimeControl "6000+790"]
[BlackClock "0:00:49"]

1. Nf3 Nf6 2. g3 b5 3. Bg2 Bb7 4. O-O e6 5. d3 Be7 6. e4 d6 7. c3 Nbd7 8. a4
bxa4 9. Qxa4 O-O 10. b4 c5 11. Nbd2 Qc7 12. Qa5 Qxa5 13. bxa5 Ba6 14. c4 Rab8
15. Ba3 Rfc8 16. Rfb1 Bd8 17. Bb2 Bc7 18. Ne1 Kf8 19. f4 Ng8 20. Kf2 Ne7 21.
Bc3 Bd8 22. Bf3 f6 23. h4 Nc6 24. Bd1 Rxb1 25. Nxb1 Ke7 26. Ba4 Nb4 27. Bd2 d5
28. exd5 exd5 29. cxd5 Nxd5 30. Nc3 Nb4 31. Bb5 Nb8 32. Bc4 N8c6 33. Nd5+ Nxd5
34. Bxd5 Kd6 35. Bg8 Bxa5 36. Bxh7 Bxd2 37. Rxa6 Rb8 38. Nf3 Ba5 39. h5 Rb2+
40. Ke3 Ra2 41. Ke4 Kc7 42. Bg8 Re2+ 43. Kf5 Re3 44. Nh4 Rxg3 45. Bc4 Bb6 46.
Ke4 Na5 47. Nf5 Rg1 48. Bd5 Kd7 49. Kf3 Nc6 50. Ra4 Nb4 51. Bc4 a5 52. Ra3 Bc7
53. Ng3 Re1 54. Bb5+ Kd8 55. Rc3 Bxf4 56. Nf5 Be5 57. d4 Bxd4 58. Ra3 Rh1 59.
Rxa5 Kc7 60. Bc4 Nc6 61. Ra4 Rxh5 62. Nxg7 Rh4 63. Kg3 Re4 64. Bb5 Ne5 65. Ne6+
Kb6 66. Nxd4 Rg4+ 67. Kf2 cxd4 68. Be2 Rf4+ 69. Kg3 Re4 70. Bf1 f5 71. Ra6+ Kc5
72. Rf6 Rg4+ 73. Kf2 Rf4+ 74. Ke1 Nf3+ 75. Kd1 Kd5 76. Bd3 Ke5 77. Rf8 Ng5 78.
Re8+ Kf6 79. Rf8+ Ke5 80. Re8+ Kf6 81. Rf8+ Kg6 82. Rg8+ Kh5 83. Rh8+ Kg4 84.
Be2+ Nf3 85. Rg8+ Kh3 86. Rh8+ Kg3 87. Rf8 Ne5 88. Ba6 Kf2 89. Bc8 Nc4 90. Be6
Nd6 91. Kd2 Re4 92. Bd7 0-1

[Event "Czech open A"]
[Site "?"]
[Date "2013.07.25"]
[Round "7.76"]
[White "Travkina, Anastasia"]
[Black "Repkova, Eva"]
[Result "1/2-1/2"]
[WhiteElo "2216"]
[BlackElo "2374"]
[PlyCount "76"]
[EventDate "2013.??.??"]
[TimeControl "6000+1440"]
[WhiteClock "0:02:40"]
[BlackClock "0:54:19"]

1. e4 e6 2. d4 d5 3. Nc3 Nf6 4. Bg5 Be7 5. e5 Nfd7 6. h4 h6 7. Be3 c5 8. Qg4
Kf8 9. Rh3 cxd4 10. Bxd4 Nc6 11. Nf3 Nxd4 12. Qxd4 Qb6 13. Qd2 Qxb2 14. Rb1 Qa3
15. Nd4 Nxe5 16. Nxd5 Qxa2 17. Rhb3 exd5 18. Qc3 Bd7 19. Ra1 Rc8 20. Qxc8+ Bxc8
21. Rxa2 Bc5 22. c3 g6 23. Rb5 Nd7 24. Raa5 Bb6 25. Ra1 Kg7 26. Rxd5 Re8+ 27.
Be2 a6 28. f4 Re4 29. g3 Re3 30. Rb1 Rxg3 31. Rxd7 Rg1+ 32. Bf1 Bxd7 33. Ne2
Rxf1+ 34. Kxf1 Bh3+ 35. Ke1 Bd8 36. Rxb7 Bxh4+ 37. Kd2 g5 38. fxg5 hxg5 1/2-1/2

[Event "Czech open A"]
[Site "?"]
[Date "2013.07.25"]
[Round "7.77"]
[White "Farkas, Gabor"]
[Black "Grabinsky, Vladimir"]
[Result "1/2-1/2"]
[WhiteElo "2359"]
[BlackElo "2258"]
[PlyCount "109"]
[EventDate "2013.??.??"]
[TimeControl "6000+1240"]
[WhiteClock "0:56:43"]
[BlackClock "0:04:10"]

1. d4 d5 2. c4 e6 3. Nf3 Nf6 4. g3 dxc4 5. Bg2 Nc6 6. Qa4 Bb4+ 7. Bd2 Nd5 8.
Bxb4 Ndxb4 9. Ne5 Qxd4 10. Nxc6 Nxc6 11. Bxc6+ bxc6 12. Qxc6+ Ke7 13. Qxa8 Qxb2
14. O-O Qxa1 15. Qxa7 Qe5 16. Nd2 Qd5 17. Qa3+ c5 18. Qc3 Bb7 19. Nf3 f6 20.
Qc2 Qe4 21. Qb2 Rd8 22. Rc1 g5 23. h3 h5 24. Kh2 g4 25. Nh4 Rd7 26. Qb5 Bc6 27.
Qxc5+ Kd8 28. Qxh5 c3 29. Qa5+ Ke7 30. Qxc3 Rd6 31. Qc2 Qxc2 32. Rxc2 Be4 33.
Rb2 Rd1 34. f3 gxf3 35. exf3 Bd5 36. g4 Ra1 37. Kg3 Rxa2 38. Rb1 Ra3 39. Rf1
Kf7 40. Rd1 Rc3 41. Ra1 e5 42. Rf1 e4 43. Kf4 exf3 44. Rf2 Rc4+ 45. Ke3 Rb4 46.
Nxf3 Re4+ 47. Kd3 Rf4 48. Ke2 Re4+ 49. Kf1 Rf4 50. Nd2 Rxf2+ 51. Kxf2 Kg6 52.
h4 f5 53. g5 f4 54. Nf3 Kh5 55. Ke2 1/2-1/2

[Event "Czech open A"]
[Site "?"]
[Date "2013.07.25"]
[Round "7.78"]
[White "Krapivin, Vladislav"]
[Black "Mukashev, Assan"]
[Result "0-1"]
[WhiteElo "2340"]
[BlackElo "2247"]
[PlyCount "84"]
[EventDate "2013.??.??"]
[TimeControl "6000+1195"]
[WhiteClock "0:16:20"]
[BlackClock "1:08:50"]

1. e4 c5 2. Nc3 Nc6 3. g3 g6 4. Bg2 Bg7 5. d3 d6 6. f4 e6 7. Nf3 Nge7 8. O-O
O-O 9. Be3 Nd4 10. e5 Nef5 11. Bf2 Nxf3+ 12. Qxf3 Nd4 13. Qd1 dxe5 14. fxe5 Rb8
15. Ne4 Bxe5 16. c3 Nf5 17. Bxc5 a5 18. d4 Bd6 19. Nxd6 Nxd6 20. Qf3 Ra8 21.
Qf4 Ra6 22. a4 f6 23. h4 Rf7 24. g4 Nc4 25. d5 Nxb2 26. dxe6 Bxe6 27. Bd4 Bd5
28. Bxd5 Qxd5 29. g5 Nd3 30. Qg3 Nc5 31. Rxf6 Raxf6 32. gxf6 Ne6 33. Be5 Qc5+
34. Kh2 Rd7 35. Re1 Rd2+ 36. Kh3 Qc8 37. Qg4 Kf7 38. h5 Rf2 39. Re3 Rf5 40.
hxg6+ hxg6 41. Bg3 Ng5+ 42. Kg2 Rf2+ 0-1

[Event "Czech open A"]
[Site "?"]
[Date "2013.07.25"]
[Round "7.79"]
[White "Stromboli, Ettore"]
[Black "Havlikova, Kristyna"]
[Result "1/2-1/2"]
[WhiteElo "2335"]
[BlackElo "2241"]
[PlyCount "74"]
[EventDate "2013.??.??"]
[TimeControl "6000+1450"]
[WhiteClock "0:01:10"]
[BlackClock "0:01:14"]

1. e4 c5 2. Nf3 Nc6 3. d4 cxd4 4. Nxd4 g6 5. c4 Nf6 6. Nc3 d6 7. Nc2 Bg7 8. Be2
Nd7 9. Bd2 Nc5 10. b4 Ne6 11. O-O Ned4 12. Nxd4 Nxd4 13. Rc1 a5 14. a3 axb4 15.
axb4 Ra3 16. Nd5 Ra2 17. Bd3 Rxd2 18. Qxd2 Nb3 19. Qe3 Nxc1 20. Rxc1 O-O 21. h3
e6 22. Nb6 Bd7 23. Rc2 Qc7 24. Ra2 Rd8 25. Na8 Qb8 26. Qb6 Rc8 27. Qe3 Be8 28.
Nb6 Rd8 29. Bc2 Qc7 30. Ba4 Bxa4 31. Rxa4 Bh6 32. Qxh6 Qxb6 33. Qf4 Qc6 34. Ra7
Qb6 35. Ra4 Qc6 36. Ra7 Qb6 37. Ra4 Qc6 1/2-1/2

[Event "Czech open A"]
[Site "?"]
[Date "2013.07.25"]
[Round "7.80"]
[White "Jeitz, Christian"]
[Black "Migot, Tangi"]
[Result "0-1"]
[WhiteElo "2222"]
[BlackElo "2331"]
[PlyCount "70"]
[EventDate "2013.??.??"]
[TimeControl "6000+945"]
[WhiteClock "0:01:15"]
[BlackClock "0:20:42"]

1. e4 e5 2. Nf3 Nc6 3. Bb5 a6 4. Ba4 Nf6 5. O-O b5 6. Bb3 Be7 7. Re1 d6 8. c3
O-O 9. h3 Nb8 10. d4 Nbd7 11. a4 Bb7 12. Nbd2 c5 13. Bc2 Qc7 14. Nf1 cxd4 15.
cxd4 Rfc8 16. Bd3 exd4 17. axb5 axb5 18. Rxa8 Bxa8 19. Nxd4 b4 20. Bf4 Ne5 21.
Bb1 Bf8 22. Ng3 Re8 23. Ndf5 d5 24. Bg5 Qb6 25. Bxf6 Qxf6 26. exd5 Bxd5 27. f4
Nf3+ 28. gxf3 Bxf3 29. Rxe8 Bxd1 30. Ne7+ Qxe7 31. Rxe7 Bxe7 32. Nf5 Bc5+ 33.
Kf1 g6 34. Ng3 Bd4 35. Ke1 Ba4 0-1

[Event "Czech open A"]
[Site "?"]
[Date "2013.07.25"]
[Round "7.81"]
[White "Spalir, Jernej"]
[Black "Peterson, Eric"]
[Result "1/2-1/2"]
[WhiteElo "2312"]
[BlackElo "2239"]
[PlyCount "120"]
[EventDate "2013.??.??"]
[TimeControl "6000+1470"]
[WhiteClock "0:34:30"]
[BlackClock "0:11:46"]

1. d4 e6 2. c4 d5 3. Nc3 Nf6 4. Nf3 c5 5. cxd5 cxd4 6. Qxd4 exd5 7. Bg5 Be7 8.
e3 O-O 9. Be2 Nc6 10. Qd1 Be6 11. O-O Rc8 12. Nd4 h6 13. Bh4 Bc5 14. Nxc6 bxc6
15. Rc1 Be7 16. Na4 Qa5 17. a3 c5 18. Bxf6 Bxf6 19. Rxc5 Rxc5 20. b4 Rc1 21.
bxa5 Rxd1 22. Rxd1 Rc8 23. Bb5 Rb8 24. Bc6 Rc8 25. Bb5 Rb8 26. Bc6 Rb3 27. g3
Rxa3 28. Kg2 d4 29. Nc5 dxe3 30. Nxe6 fxe6 31. fxe3 Rxa5 32. Kf3 Kf7 33. Rd7+
Be7 34. Rd4 Ra3 35. Ra4 Rc3 36. Bd7 Rc7 37. Bb5 Rc5 38. Bd7 Rc7 39. Bb5 Bc5 40.
Rc4 Ke7 41. Rc2 a5 42. Ke4 Kd6 43. Rd2+ Ke7 44. Rc2 Rc8 45. Ba4 Kf6 46. Rf2+
Ke7 47. Rc2 Rc7 48. Rc1 g5 49. Rc2 Kf6 50. Rf2+ Ke7 51. Rc2 h5 52. h3 Kf6 53.
Be8 Bd6 54. Rxc7 Bxc7 55. Bxh5 a4 56. Kd3 a3 57. Kc2 Bxg3 58. Kb3 Bd6 59. Bg4
Ke5 60. e4 Be7 1/2-1/2

[Event "Czech open A"]
[Site "?"]
[Date "2013.07.25"]
[Round "7.82"]
[White "Bivol, Alina"]
[Black "Tomazini, Aljosa"]
[Result "1/2-1/2"]
[WhiteElo "2207"]
[BlackElo "2306"]
[PlyCount "100"]
[EventDate "2013.??.??"]
[TimeControl "6000+625"]
[WhiteClock "1:19:09"]
[BlackClock "0:37:31"]

1. e4 g6 2. c3 Bg7 3. f4 d6 4. Nf3 a6 5. Be2 Nd7 6. O-O e5 7. d3 Ngf6 8. Na3
O-O 9. Nc2 Re8 10. Qe1 d5 11. Nxe5 Nxe5 12. fxe5 Rxe5 13. Bf4 Re8 14. e5 Nd7
15. d4 Nf8 16. Qg3 c5 17. Rad1 Qb6 18. Ne3 Qxb2 19. Bf3 Qxc3 20. Nxd5 Qa5 21.
Nf6+ Bxf6 22. exf6 cxd4 23. Bd6 Ne6 24. Rfe1 Qf5 25. Qh4 g5 26. Qh6 Qg6 27.
Qxg6+ hxg6 28. Rxd4 Bd7 29. Rc4 Rac8 30. Rxc8 Bxc8 31. Be7 Nd4 32. Bd5 Nc6 33.
Bxc6 bxc6 34. Rb1 Be6 35. a3 Rc8 36. Rd1 c5 37. Rd8+ Rxd8 38. Bxd8 c4 39. Be7
c3 40. Bb4 c2 41. Bd2 g4 42. Bh6 Kh7 43. Bg5 Kg8 44. Bh6 g5 45. Bxg5 Kh7 46.
Bc1 Kg6 47. Bb2 Kf5 48. Kf2 Bd5 49. h4 gxh3 50. gxh3 a5 1/2-1/2

[Event "Czech open A"]
[Site "?"]
[Date "2013.07.25"]
[Round "7.83"]
[White "Nadjezhdin, Dmitry"]
[Black "Zatschek, Mark"]
[Result "0-1"]
[WhiteElo "2300"]
[BlackElo "2174"]
[PlyCount "130"]
[EventDate "2013.??.??"]
[TimeControl "6000+1470"]
[WhiteClock "0:05:49"]
[BlackClock "0:10:47"]

1. e4 c5 2. Nf3 e6 3. b3 d6 4. d4 cxd4 5. Nxd4 a6 6. c4 Nf6 7. Nc3 Be7 8. Bb2
O-O 9. Rc1 b6 10. Bd3 Bb7 11. O-O Nbd7 12. Qe2 Qc7 13. Kh1 Rfe8 14. f4 Bf8 15.
Bb1 Qc5 16. Nf3 Qh5 17. Qf2 Rac8 18. Rfe1 d5 19. cxd5 exd5 20. e5 Bc5 21. Qg3
Ng4 22. h3 Nh6 23. Ng5 f6 24. Nxh7 fxe5 25. Bg6 Nf5 26. Qg4 Qxg4 27. hxg4 Ne3
28. Bxe8 Rxe8 29. Ng5 exf4 30. Ne2 Bd6 31. Nf3 Nc5 32. Rc3 Ne4 33. Rcc1 Kf7 34.
a3 Nf2+ 35. Kg1 Nd3 36. Bd4 Nxe1 37. Rxe1 Nc2 38. Ng5+ Kg8 39. Kf2 Nxe1 40.
Kxe1 Bxa3 41. Bxb6 Bc8 42. Kf2 Be7 43. Nh3 g5 44. Kf3 Kf7 45. g3 fxg3 46. Nxg3
Kg6 47. Nf2 Bd6 48. Ne2 Bd7 49. Be3 Rf8+ 50. Kg2 Rb8 51. Nd4 Bc5 52. Nd3 Bd6
53. Nf2 Re8 54. Kf3 Bc5 55. Nd3 Bxd4 56. Bxd4 Bxg4+ 57. Kg3 Bc8 58. Ne5+ Kf5
59. Nf7 Re6 60. Bc5 Rc6 61. Bd4 Ke4 62. Bh8 g4 63. b4 d4 64. Be5 Be6 65. Nd8
Rc3+ 0-1

[Event "Czech open A"]
[Site "?"]
[Date "2013.07.25"]
[Round "7.84"]
[White "Pechac, Jergus"]
[Black "Musaev, Rasul"]
[Result "0-1"]
[WhiteElo "2182"]
[BlackElo "2300"]
[PlyCount "54"]
[EventDate "2013.??.??"]
[TimeControl "6000+305"]
[WhiteClock "1:15:22"]
[BlackClock "1:12:17"]

1. d4 Nf6 2. c4 g6 3. Nc3 Bg7 4. e4 d6 5. Nge2 O-O 6. Ng3 Nbd7 7. Be2 h5 8. h4
a6 9. a3 c6 10. Bg5 Nh7 11. Be3 b5 12. d5 bxc4 13. dxc6 Ne5 14. Nd5 Nxc6 15.
Bb6 Qd7 16. Bxc4 Ne5 17. Bb3 e6 18. Ba4 Qb7 19. Nc7 Rb8 20. Ba5 Nc4 21. Rc1
Nxa5 22. b4 Bb2 23. bxa5 Bxc1 24. Qxc1 Qb2 25. Qh6 Qc3+ 26. Ke2 Rb2+ 27. Kd1
Qd3+ 0-1

[Event "Czech open A"]
[Site "?"]
[Date "2013.07.25"]
[Round "7.85"]
[White "Volodin, Viktor"]
[Black "Ageichenko, Gennady"]
[Result "1/2-1/2"]
[WhiteElo "2180"]
[BlackElo "2298"]
[PlyCount "128"]
[EventDate "2013.??.??"]
[TimeControl "6000+740"]
[WhiteClock "0:24:21"]
[BlackClock "0:10:42"]

1. Nf3 c5 2. c4 Nf6 3. Nc3 g6 4. d4 Bg7 5. e4 cxd4 6. Nxd4 d6 7. Be2 O-O 8. O-O
Nc6 9. Be3 Bd7 10. f3 Qa5 11. Qd2 Rfc8 12. Rfd1 Nxd4 13. Bxd4 Be6 14. Nd5 Qxd2
15. Rxd2 Nxd5 16. cxd5 Bxd4+ 17. Rxd4 Bd7 18. Rc4 Rxc4 19. Bxc4 Rc8 20. Bd3 f5
21. Kf2 Kf7 22. Ke3 Kf6 23. Kd4 a6 24. Re1 a5 25. Bc4 b6 26. Bd3 Rc5 27. Bc4
Bb5 28. Bxb5 Rxb5 29. Re2 Rb4+ 30. Kc3 fxe4 31. Rxe4 Rb5 32. Rf4+ Kg7 33. Re4
Kf7 34. Rf4+ Ke8 35. Rd4 Rc5+ 36. Kd2 Kf7 37. h4 h6 38. f4 h5 39. Ke3 Kf6 40.
Rd2 Kf5 41. Kf3 a4 42. Rd4 a3 43. bxa3 Rc3+ 44. Kf2 Rxa3 45. Rd2 Kxf4 46. Re2
Kg4 47. Rxe7 Rxa2+ 48. Ke3 Rxg2 49. Re6 Kxh4 50. Rxd6 g5 51. Rxb6 Rg1 52. d6
Re1+ 53. Kd2 Re8 54. d7 Rd8 55. Rd6 Kg3 56. Ke3 h4 57. Ke4 h3 58. Rd3+ Kh4 59.
Kf3 Rf8+ 60. Ke2 Rd8 61. Kf3 g4+ 62. Kf2 Kg5 63. Kg3 Kf5 64. Rd2 Ke6 1/2-1/2

[Event "Czech open A"]
[Site "?"]
[Date "2013.07.25"]
[Round "7.86"]
[White "Yefimov, Mstislav"]
[Black "Meissner, Felix"]
[Result "0-1"]
[WhiteElo "2137"]
[BlackElo "2285"]
[PlyCount "62"]
[EventDate "2013.??.??"]
[TimeControl "6000+1350"]
[WhiteClock "0:03:01"]
[BlackClock "0:05:56"]

1. d4 Nf6 2. c4 g6 3. Nc3 Bg7 4. e4 d6 5. Be2 O-O 6. Bg5 Na6 7. f4 c5 8. d5 Nc7
9. h3 a6 10. a4 Rb8 11. e5 Nfe8 12. Nf3 f6 13. e6 fxg5 14. Nxg5 Nf6 15. a5 b5
16. axb6 Rxb6 17. Qc2 Qe8 18. h4 Bb7 19. h5 Ncxd5 20. cxd5 Nxd5 21. Nxd5 Bxd5
22. hxg6 Rxb2 23. gxh7+ Kh8 24. Qd3 Bc6 25. Qxa6 Bc3+ 26. Kd1 Qb8 27. Qa3 Ba4+
28. Qxa4 Rb1+ 29. Kc2 Qb2+ 30. Kd3 Qd2+ 31. Ke4 Rxf4# 0-1

[Event "Czech open A"]
[Site "?"]
[Date "2013.07.25"]
[Round "7.87"]
[White "Feldtmann, Thomas"]
[Black "Jedlicka, Ales"]
[Result "1-0"]
[WhiteElo "2280"]
[BlackElo "2226"]
[PlyCount "67"]
[EventDate "2013.??.??"]
[TimeControl "6000+1225"]
[WhiteClock "0:42:45"]
[BlackClock "0:00:55"]

1. d4 Nf6 2. c4 g6 3. Nc3 Bg7 4. e4 O-O 5. h3 d6 6. Be3 c5 7. d5 b5 8. cxb5 a6
9. a4 Qa5 10. Bd2 Qb4 11. Bd3 c4 12. Bc2 Nfd7 13. Nf3 Nc5 14. Ne2 Qxb2 15. Rb1
Qa3 16. O-O Nb3 17. Bxb3 cxb3 18. b6 Qxa4 19. Qxb3 Qxb3 20. Rxb3 Bb7 21. Rc1
Nd7 22. Be3 Rab8 23. Rc7 Rfd8 24. Nd2 e6 25. Nc4 Nc5 26. Bxc5 dxc5 27. Na5 exd5
28. Nxb7 c4 29. Rb1 Re8 30. Nd6 Re6 31. b7 Be5 32. Rc8+ Kg7 33. Rxb8 Bxd6 34.
Rd8 1-0

[Event "Czech open A"]
[Site "?"]
[Date "2013.07.25"]
[Round "7.88"]
[White "Kimerling, Martin"]
[Black "Varitski, Igor"]
[Result "0-1"]
[WhiteElo "2092"]
[BlackElo "2278"]
[PlyCount "54"]
[EventDate "2013.??.??"]
[TimeControl "6000+710"]
[WhiteClock "0:36:36"]
[BlackClock "0:28:30"]

1. d4 f5 2. Nf3 Nf6 3. g3 e6 4. c4 d5 5. Bg2 c6 6. O-O Bd6 7. Bf4 Bxf4 8. gxf4
O-O 9. Nbd2 Qe7 10. Ne5 Nbd7 11. Ndf3 Ne4 12. cxd5 exd5 13. Qc2 Kh8 14. e3 Rg8
15. Nxd7 Bxd7 16. Ne5 Nd6 17. Kh1 Raf8 18. Rg1 Nf7 19. Bf3 Nxe5 20. dxe5 g5 21.
e6 Bxe6 22. Qc3+ Qg7 23. Qxg7+ Rxg7 24. fxg5 f4 25. exf4 Rxf4 26. Rg3 d4 27. b3
Rxf3 0-1

[Event "Czech open A"]
[Site "?"]
[Date "2013.07.25"]
[Round "7.89"]
[White "Tate, Alan"]
[Black "Kratochvil, Karel"]
[Result "1-0"]
[WhiteElo "2277"]
[BlackElo "2195"]
[PlyCount "119"]
[EventDate "2013.??.??"]
[TimeControl "6000+755"]
[WhiteClock "0:11:40"]
[BlackClock "0:47:29"]

1. Nf3 g6 2. d4 c5 3. d5 Nf6 4. Nc3 d6 5. e4 Bg7 6. Bb5+ Nbd7 7. a4 O-O 8. O-O
a6 9. Be2 b6 10. Nd2 Rb8 11. Re1 Ne8 12. Nc4 Ne5 13. Ne3 f5 14. f4 Nd7 15. exf5
gxf5 16. Bd3 Bd4 17. Kh1 Ng7 18. Ne2 Nf6 19. Nxd4 cxd4 20. Nf1 Bb7 21. Bc4 b5
22. axb5 axb5 23. Bb3 Qb6 24. c3 Bxd5 25. Rxe7 Rfe8 26. Bxd5+ Nxd5 27. Rxe8+
Rxe8 28. Qb3 Qc6 29. Bd2 Qc4 30. Qxc4 bxc4 31. cxd4 Re4 32. Ra6 Ne8 33. g3 Rxd4
34. Kg2 Nef6 35. Kf3 Ne4 36. Ke2 Ndf6 37. Be1 Rd3 38. Ne3 Rb3 39. Ra2 d5 40.
Nxf5 Kf7 41. Nd4 Rd3 42. Nf3 Ng4 43. Ra3 Rxa3 44. bxa3 Ke6 45. h3 Ngf6 46. g4
Nd7 47. Bb4 h5 48. Ke3 c3 49. g5 Nb6 50. Nd4+ Kf7 51. h4 Nc4+ 52. Kd3 Nf2+ 53.
Kxc3 Nh3 54. f5 Ne3 55. Kd3 Ng2 56. Nf3 Nxh4 57. Nxh4 Nxg5 58. Kd4 Kf6 59. Kxd5
Nf7 60. Bd2 1-0

[Event "Czech open A"]
[Site "?"]
[Date "2013.07.25"]
[Round "7.90"]
[White "Stanetzek, Carsten"]
[Black "Grigorian, Spartak"]
[Result "0-1"]
[WhiteElo "2274"]
[BlackElo "2131"]
[PlyCount "147"]
[EventDate "2013.??.??"]
[TimeControl "6000+700"]
[WhiteClock "0:03:52"]
[BlackClock "0:22:17"]

1. e4 c5 2. Nf3 d6 3. Bb5+ Bd7 4. Bxd7+ Qxd7 5. d4 cxd4 6. Qxd4 Nc6 7. Qd3 g6
8. O-O Bg7 9. Rd1 Rc8 10. Qe2 Qc7 11. c3 Nf6 12. Na3 O-O 13. Bf4 Nh5 14. Be3
Nf6 15. Bf4 Nh5 16. Bg5 h6 17. Bh4 Ne5 18. Nxe5 Bxe5 19. Nb5 Nf4 20. Qf1 Qd7
21. f3 a6 22. Nd4 g5 23. Bf2 e6 24. a4 Qe7 25. Kh1 Qf6 26. Be3 h5 27. g3 Ng6
28. Ne2 Rc4 29. Qg2 Qe7 30. f4 Bf6 31. a5 g4 32. Rd3 Qc7 33. Nd4 Re8 34. Rd2
Bg7 35. Bg1 Rc5 36. Nb3 Rc6 37. Bb6 Qe7 38. Nd4 Bxd4 39. cxd4 Rec8 40. Qe2 Nf8
41. h3 Rc1+ 42. Rxc1 Rxc1+ 43. Kh2 Ng6 44. Rd1 Rxd1 45. Qxd1 f5 46. Qe2 h4 47.
exf5 hxg3+ 48. Kg1 exf5 49. Qxe7 Nxe7 50. hxg4 fxg4 51. Kg2 Nf5 52. d5 Kf7 53.
Bd8 Kg6 54. Bb6 Ne7 55. Bc7 Nxd5 56. Bxd6 Kf5 57. Kxg3 Nf6 58. Kh4 Nd5 59. Kg3
Ne3 60. Be5 Nc2 61. Bc3 Na1 62. Be5 Nb3 63. Bc3 Nc1 64. Be5 Ne2+ 65. Kf2 Nxf4
66. Bg7 Ke4 67. Bh8 Nh5 68. Bc3 g3+ 69. Kg2 Kf4 70. Bh8 Kg4 71. Be5 Nf4+ 72.
Kg1 Kf3 73. Bxf4 Kxf4 74. Kg2 0-1

[Event "Czech open A"]
[Site "?"]
[Date "2013.07.25"]
[Round "7.91"]
[White "Kyas, Philipp"]
[Black "Le Ruyet, Leopold"]
[Result "0-1"]
[WhiteElo "2036"]
[BlackElo "2273"]
[PlyCount "52"]
[EventDate "2013.??.??"]
[TimeControl "6000+820"]
[WhiteClock "0:16:21"]
[BlackClock "0:46:05"]

1. d4 d5 2. c4 e6 3. Nc3 c5 4. e3 Nf6 5. Nf3 Nc6 6. Be2 dxc4 7. Bxc4 a6 8. Bb3
cxd4 9. exd4 Be7 10. O-O O-O 11. Bf4 Nb4 12. Rc1 Nbd5 13. Nxd5 Nxd5 14. Bxd5
Qxd5 15. Rc7 Bd8 16. Rc5 Qxa2 17. Qc2 Bd7 18. Bd6 Re8 19. Re1 Bf6 20. Rh5 h6
21. Be5 Bxe5 22. Nxe5 Qd5 23. Qc7 Red8 24. Nxf7 Qxh5 25. Nxd8 Qd5 26. Nxb7 Bc6
0-1

[Event "Czech open A"]
[Site "?"]
[Date "2013.07.25"]
[Round "7.92"]
[White "Poloch, Petr"]
[Black "Kearns, Christopher"]
[Result "1/2-1/2"]
[WhiteElo "2272"]
[BlackElo "2129"]
[PlyCount "29"]
[EventDate "2013.??.??"]
[TimeControl "6000+1725"]
[WhiteClock "0:51:30"]
[BlackClock "0:50:37"]

1. Nf3 Nf6 2. c4 e6 3. Nc3 Bb4 4. g3 O-O 5. Bg2 d5 6. d4 c5 7. O-O cxd4 8. Nxd4
dxc4 9. a3 Bxc3 10. bxc3 Nd5 11. Qc2 Qa5 12. e4 Nb6 13. a4 Bd7 14. Ba3 Bc8 15.
Bc1 1/2-1/2

[Event "Czech Open A 1-44"]
[Site "?"]
[Date "2013.07.26"]
[Round "8.20"]
[White "Krejci, Jan"]
[Black "Rzayev, Bahruz"]
[Result "1-0"]
[LiveChessVersion "1.4.2"]
[BlackElo "2429"]
[WhiteElo "2521"]

1. d4 {[%clk 1:30:56]} d5 {[%clk 1:30:54]} 2. c4 {[%clk 1:31:20]} e6
{[%clk 1:31:20]} 3. Nc3 {[%clk 1:31:43]} Nf6 {[%clk 1:31:47]} 4. cxd5
{[%clk 1:32:07]} exd5 {[%clk 1:32:14]} 5. Bg5 {[%clk 1:32:29]} Nbd7
{[%clk 1:32:41]} 6. e3 {[%clk 1:32:42]} Bb4 {[%clk 1:33:07]} 7. Bd3
{[%clk 1:30:53]} c5 {[%clk 1:33:35]} 8. Nge2 {[%clk 1:30:21]} c4 {[%clk 1:33:55]}
9. Bc2 {[%clk 1:29:51]} h6 {[%clk 1:34:16]} 10. Bh4 {[%clk 1:29:28]} O-O
{[%clk 1:34:41]} 11. O-O {[%clk 1:29:11]} Nb6 {[%clk 1:35:09]} 12. f3
{[%clk 1:27:06]} Be7 {[%clk 1:35:37]} 13. Bf2 {[%clk 1:24:55]} Ne8
{[%clk 1:35:43]} 14. a4 {[%clk 1:24:11]} a5 {[%clk 1:35:25]} 15. Ng3
{[%clk 1:17:16]} f5 {[%clk 1:33:03]} 16. b3 {[%clk 1:13:37]} Be6 {[%clk 1:26:13]}
17. Rb1 {[%clk 1:07:43]} Rc8 {[%clk 1:21:48]} 18. Nce2 {[%clk 1:07:59]} Bb4
{[%clk 1:18:26]} 19. Nf4 {[%clk 1:06:47]} Qd6 {[%clk 1:17:01]} 20. Nxe6
{[%clk 1:00:59]} Qxe6 {[%clk 1:17:29]} 21. e4 {[%clk 1:01:14]} fxe4
{[%clk 1:14:49]} 22. fxe4 {[%clk 1:01:36]} Nf6 {[%clk 1:11:14]} 23. bxc4
{[%clk 0:53:35]} Nxc4 {[%clk 1:10:07]} 24. exd5 {[%clk 0:50:24]} Nxd5
{[%clk 1:09:34]} 25. Qd3 {[%clk 0:49:32]} g6 {[%clk 1:07:40]} 26. Bb3
{[%clk 0:44:14]} Nf4 {[%clk 1:05:34]} 27. Qc2 {[%clk 0:44:37]} Kh7
{[%clk 1:01:49]} 28. Rbc1 {[%clk 0:43:49]} Qd5 {[%clk 1:01:55]} 29. Ne4
{[%clk 0:40:53]} Qf5 {[%clk 1:02:09]} 30. Bxc4 {[%clk 0:37:41]} Rxc4
{[%clk 1:02:21]} 31. Nf6+ {[%clk 0:37:48]} Qxf6 {[%clk 0:54:05]} 32. Qxc4
{[%clk 0:38:11]} Qe7 {[%clk 0:54:28]} 33. Rc2 {[%clk 0:36:32]} Qe4
{[%clk 0:54:06]} 34. Bg3 {[%clk 0:36:50]} Qe3+ {[%clk 0:51:10]} 35. Kh1
{[%clk 0:35:37]} Bd6 {[%clk 0:49:53]} 36. Rcf2 {[%clk 0:34:23]} g5
{[%clk 0:48:42]} 37. Bxf4 {[%clk 0:34:42]} gxf4 {[%clk 0:45:11]} 38. Qd5
{[%clk 0:33:54]} Qe7 {[%clk 0:44:32]} 39. Qxa5 {[%clk 0:31:13]} f3
{[%clk 0:44:45]} 40. Rxf3 {[%clk 1:00:50]} Qh4 {[%clk 1:15:00]} 41. h3
{[%clk 0:59:46]} 1-0

[Event "Czech Open A 1-44"]
[Site "?"]
[Date "2013.07.26"]
[Round "8.29"]
[White "Pagerka, Martin"]
[Black "Malinovsky-Jun., Karel"]
[Result "1/2-1/2"]
[LiveChessVersion "1.4.2"]
[BlackElo "2462"]
[WhiteElo "2213"]

1. e4 {[%clk 1:30:58]} c5 {[%clk 1:30:55]} 2. Nf3 {[%clk 1:30:52]} d6
{[%clk 1:31:18]} 3. Bb5+ {[%clk 1:30:37]} Nd7 {[%clk 1:31:09]} 4. c3
{[%clk 1:30:36]} Ngf6 {[%clk 1:30:56]} 5. d3 {[%clk 1:29:09]} e5 {[%clk 1:29:22]}
6. Nbd2 {[%clk 1:28:23]} Be7 {[%clk 1:26:37]} 7. O-O {[%clk 1:28:06]} O-O
{[%clk 1:27:01]} 8. a4 {[%clk 1:20:00]} a6 {[%clk 1:23:46]} 9. Bc4
{[%clk 1:20:23]} b6 {[%clk 1:23:10]} 10. Re1 {[%clk 1:13:19]} Rb8
{[%clk 1:21:25]} 11. Ng5 b5 {[%clk 1:16:24]} 12. axb5 {[%clk 1:01:31]} axb5
{[%clk 1:16:48]} 13. Bb3 {[%clk 1:01:56]} Nb6 {[%clk 1:08:34]} 14. h3
{[%clk 0:52:31]} Qc7 {[%clk 1:04:58]} 15. d4 {[%clk 0:48:17]} c4 {[%clk 0:56:56]}
16. Bc2 {[%clk 0:48:18]} h6 {[%clk 0:56:18]} 17. Ngf3 {[%clk 0:48:40]} Bd7
{[%clk 0:54:31]} 18. Nf1 {[%clk 0:48:02]} Ra8 {[%clk 0:53:50]} 19. Rb1
{[%clk 0:44:45]} Rfe8 {[%clk 0:42:33]} 20. g4 {[%clk 0:43:16]} Bf8
{[%clk 0:36:51]} 21. Ng3 {[%clk 0:43:30]} g6 {[%clk 0:35:47]} 22. Be3
{[%clk 0:42:08]} Ra2 {[%clk 0:31:48]} 23. Qd2 {[%clk 0:40:02]} Kh7
{[%clk 0:31:15]} 24. g5 {[%clk 0:32:04]} hxg5 {[%clk 0:29:29]} 25. Nxg5+
{[%clk 0:32:27]} Kg8 {[%clk 0:28:43]} 26. f4 {[%clk 0:31:55]} exf4
{[%clk 0:20:35]} 27. Bxf4 {[%clk 0:32:11]} b4 {[%clk 0:21:01]} 28. cxb4
{[%clk 0:25:23]} c3 {[%clk 0:19:34]} 29. Qf2 {[%clk 0:24:27]} Rxb2
{[%clk 0:18:03]} 30. Rxb2 {[%clk 0:24:51]} cxb2 {[%clk 0:18:28]} 31. Bb3
{[%clk 0:25:00]} Nc4 {[%clk 0:11:59]} 32. Bd2 {[%clk 0:20:22]} Bg7
{[%clk 0:10:54]} 33. Bc3 {[%clk 0:20:01]} Re7 {[%clk 0:08:23]} 34. Bxb2
{[%clk 0:11:58]} Nxb2 {[%clk 0:08:47]} 35. Qxb2 {[%clk 0:12:20]} Nh7
{[%clk 0:08:57]} 36. Nf3 {[%clk 0:06:53]} Bxh3 {[%clk 0:08:54]} 37. b5
{[%clk 0:04:40]} Qb6 {[%clk 0:07:38]} 38. Rd1 {[%clk 0:01:11]} Bg4
{[%clk 0:06:08]} 39. Kg2 {[%clk 0:01:33]} Nf6 {[%clk 0:02:11]} 40. Rc1
{[%clk 0:31:43]} Nxe4 {[%clk 0:31:42]} 41. Nxe4 {[%clk 0:30:56]} Rxe4
{[%clk 0:31:25]} 42. Bxf7+ {[%clk 0:29:06]} Kf8 {[%clk 0:31:53]} 43. Qa3
{[%clk 0:07:12]} Qd8 {[%clk 0:14:09]} 44. Bd5 {[%clk 0:06:38]} Rf4
{[%clk 0:12:37]} 45. Qa8 {[%clk 0:02:03]} Qxa8 {[%clk 0:10:38]} 46. Bxa8
{[%clk 0:02:28]} Bxf3+ {[%clk 0:10:48]} 47. Bxf3 {[%clk 0:02:52]} Bxd4
{[%clk 0:11:11]} 48. Rc6 {[%clk 0:02:44]} Ke7 {[%clk 0:08:31]} 1/2-1/2